| 000 | 00000nam##2200000za#4500 |
| 001 | 9.618844 |
| 003 | CaOODSP |
| 005 | 20210615103106 |
| 007 | ta |
| 008 | 150406|2008||||xxc||||| f|0| 0 eng|d |
| 020 | |a978-0-662-48957-3 |
| 040 | |aCaOODSP|beng |
| 043 | |an-cn--- |
| 086 | 1 |aH113-9/2008-10E |
| 110 | 1 |aCanada. |bPest Management Regulatory Agency. |
| 245 | 10|aSulfuryl fluoride |
| 260 | |bHealth Canada. |c10 June 2008. |
| 300 | |a11p. : |breferences ; |c28 cm. |
| 490 | 1 |aProposed registration decision |vPRD2008-10 |
| 563 | |aProcessed |
| 590 | |a08-34|b2008-08-22 |
| 775 | 08|tFluorure de sulfuryle |w(CaOODSP)9.627859 |
| 776 | 0#|tSulfuryl fluoride |w(CaOODSP)9.564183 |
| 830 | #0|aProposed registration decision ;|vPRD2008-10|w(CaOODSP)9.514704 |